000 00980nam a2200265Ia 4500
003 GCL
008 140319s9999 xx 000 0 ara d
020 _a001377977
040 _aGCL /
_cGCL
082 0 4 _a382.916
_bع س
100 1 _aعبدالمطلب عبدالحميد
245 1 0 _aالسوق الافريقية المشتركة والاتحاد الافريقى /
_cعبدالمطلب عبدالحميد
250 _aالاولى
260 _aالقاهرة :
_bمجموعة النيل العربية ،
_c2004
300 _a224 ص ؛
_c24 سم
650 0 4 _aالتكامل الاقتصادى
650 0 4 _aالتخطيط الاقتصادى
650 0 4 _aالاقتصاد الدولى
650 0 4 _aالتعاون الدولى
650 0 4 _aالاسواق
650 0 4 _aالعلاقات الاقتصادية الدولية
650 0 4 _aالتكتلات الاقتصادية
650 0 4 _aالسوق الافريقية المشتركة
942 _2ddc
_cBK
999 _c6102
_d6102